[Event "CRO Cup"]
[Site "Mali Losinj"]
[Date "2023.05.13"]
[Round "5.5"]
[White "Greb, Nikola"]
[Black "Rogulj, Branko"]
[Result "0-1"]
[WhiteElo "2032"]
[BlackElo "2318"]
[PlyCount "60"]
[EventDate "2023.05.10"]
[EventType "team-swiss"]
[EventRounds "6"]
[EventCountry "CRO"]
[SourceTitle "CBM 214 Extra"]
[Source "ChessBase"]
[SourceDate "2023.07.31"]
[SourceVersion "1"]
[SourceVersionDate "2023.07.31"]
[SourceQuality "1"]
[WhiteTeam "Zagreb Caissa"]
[BlackTeam "Zagreb CC"]
[WhiteTeamCountry "CRO"]
[BlackTeamCountry "CRO"]

1. e4 Nf6 2. Nc3 e6 3. d4 d5 4. Bg5 Bb4 5. e5 h6 6. exf6 hxg5 7. fxg7 Rg8 8. Nf3 Qf6 9. Be2 Qxg7 10. 0-0 c6 11. Ne5 Nd7 12. Bh5 Nxe5 13. dxe5 Qxe5 14. Ne2 Rh8 15. g4 Bd7 16. f4 Bc5+ 17. Kg2 Qe4+ 18. Kg3 Bd6 19. Qd3 Qxd3+ 20. cxd3 Ke7 21. Kg2 gxf4 22. Nxf4 Rag8 23. Kf3 c5 24. Rae1 Bc6 25. Ke3 Rh7 26. h3 Be5 27. b3 Bc3 28. Re2 Kd6 29. h4 f5 30. Nh3 fxg4 0-1

[Event "Parma City of Culture op 3rd"]
[Site "Parma"]
[Date "2023.01.08"]
[Round "5"]
[White "Rogulj, Branko"]
[Black "Boraso, Alessio"]
[Result "0-1"]
[WhiteElo "2336"]
[BlackElo "2285"]
[PlyCount "80"]
[EventDate "2023.01.06"]
[EventType "swiss"]
[EventRounds "6"]
[EventCountry "ITA"]
[SourceTitle "CBM 212 Extra"]
[Source "ChessBase"]
[SourceDate "2023.03.31"]
[SourceVersion "1"]
[SourceVersionDate "2023.03.31"]
[SourceQuality "1"]

1. e4 e6 2. d4 d5 3. Nc3 Bb4 4. e5 c5 5. a3 Bxc3+ 6. bxc3 Ne7 7. Nf3 b6 8. a4 Ba6 9. Bxa6 Nxa6 10. 0-0 Nc6 11. Qd3 Qc8 12. Ba3 h6 13. Rab1 0-0 14. Nh4 Na5 15. f4 f5 16. g4 Nc4 17. Bc1 Nc7 18. Kh1 Qd8 19. Qh3 Qd7 20. Rg1 fxg4 21. Qxg4 Rf7 22. Qh5 Qxa4 23. f5 Qxc2 24. Bxh6 Qe4+ 25. Nf3 Qxf5 26. Ng5 Raf8 27. Rbf1 Qxf1 28. Rxf1 Rxf1+ 29. Kg2 R8f2+ 30. Kg3 gxh6 31. Qxh6 Rf7 32. Nxf7 Rxf7 33. h4 a5 34. h5 a4 35. Kh4 a3 36. Qg5+ Kf8 37. Qd8+ Kg7 38. Qg5+ Kf8 39. Qd8+ Ne8 40. Qa8 Na5 0-1

[Event "Hum na Sutli op 14th"]
[Site "Hum na Sutli"]
[Date "2022.08.24"]
[Round "7"]
[White "Kodric, Gasper"]
[Black "Rogulj, Branko"]
[Result "1-0"]
[WhiteElo "1901"]
[BlackElo "2363"]
[PlyCount "171"]
[EventDate "2022.08.20"]
[EventType "swiss"]
[EventRounds "9"]
[EventCountry "CRO"]
[SourceTitle "CBM 210 Extra"]
[Source "ChessBase"]
[SourceDate "2022.11.30"]
[SourceVersion "1"]
[SourceVersionDate "2022.11.30"]
[SourceQuality "1"]

1. c4 c5 2. Nf3 Nf6 3. Nc3 Nc6 4. g3 g6 5. Bg2 Bg7 6. d4 0-0 7. 0-0 d6 8. d5 Na5 9. Nd2 e6 10. e4 exd5 11. cxd5 a6 12. a4 Rb8 13. Rb1 Nd7 14. Qc2 b5 15. axb5 axb5 16. b4 cxb4 17. Na2 b3 18. Nxb3 Nxb3 19. Rxb3 Nc5 20. Rb1 f5 21. Nb4 Nxe4 22. Nc6 Qc7 23. Re1 Rb7 24. f3 Qb6+ 25. Be3 Nc5 26. Rec1 Re8 27. Bf2 f4 28. g4 Bd7 29. Bf1 Bxc6 30. dxc6 Qxc6 31. Bxb5 Rxb5 32. Qc4+ Kf8 33. Qxf4+ Ke7 34. Bh4+ Ke6 35. Re1+ Be5 36. Qc4+ Kd7 37. Qxb5 Rf8 38. Qxc6+ Kxc6 39. Rf1 Rf7 40. Bg3 Bf6 41. Kg2 d5 42. Rfc1 d4 43. Bf2 Be5 44. Rc2 Kd5 45. Rb5 Rc7 46. h3 g5 47. h4 h6 48. h5 Rc6 49. Rc1 Bd6 50. Ra5 Rb6 51. Rd1 Be5 52. Ra8 Ne6 53. Ra5+ Nc5 54. Ra8 Ne6 55. Ra7 Rb3 56. Ra5+ Nc5 57. Rc1 Bd6 58. Bg3 Be7 59. Re1 Rb7 60. Re5+ Kc4 61. Rxe7 Rxe7 62. Bd6 Re2+ 63. Kf1 Rb2 64. Rxc5+ Kd3 65. f4 Ke4 66. fxg5 d3 67. Rc1 Kf3 68. gxh6 Rf2+ 69. Kg1 Rg2+ 70. Kh1 Rxg4 71. Be7 Rg3 72. Kh2 Rg2+ 73. Kh3 Rg3+ 74. Kh2 Rg2+ 75. Kh1 Rg3 76. Rf1+ Ke2 77. Kh2 Kxf1 78. Kxg3 d2 79. h7 d1Q 80. h8Q Qe1+ 81. Kf3 Qe2+ 82. Kg3 Qxe7 83. Qa1+ Ke2 84. Qd4 Qa3+ 85. Kg4 Qf8 86. Qe4+ 1-0

[Event "Hum na Sutli op 14th"]
[Site "Hum na Sutli"]
[Date "2022.08.20"]
[Round "2"]
[White "Rogulj, Branko"]
[Black "Stubljar, Andrej"]
[Result "1-0"]
[WhiteElo "2363"]
[BlackElo "2025"]
[PlyCount "47"]
[EventDate "2022.08.20"]
[EventType "swiss"]
[EventRounds "9"]
[EventCountry "CRO"]
[SourceTitle "CBM 210 Extra"]
[Source "ChessBase"]
[SourceDate "2022.11.30"]
[SourceVersion "1"]
[SourceVersionDate "2022.11.30"]
[SourceQuality "1"]

1. e4 e6 2. d4 d5 3. Nc3 dxe4 4. Nxe4 Nd7 5. Nf3 Ngf6 6. Bd3 Nxe4 7. Bxe4 Nf6 8. Bg5 Be7 9. Bxf6 gxf6 10. Qe2 c5 11. 0-0-0 Qc7 12. dxc5 Bd7 13. Nd4 Bxc5 14. Kb1 Rc8 15. Qf3 Qe5 16. Nb3 Bc6 17. Rhe1 Qg5 18. h4 Qg6 19. Nxc5 0-0 20. h5 Qg5 21. Bxc6 Qxc5 22. Ba4 b5 23. Bb3 a5 24. Qxf6 1-0

[Event "Bihac"]
[Site "Bihac"]
[Date "2022.05.31"]
[Round "5"]
[White "Zelcic, Robert"]
[Black "Rogulj, Branko"]
[Result "1/2-1/2"]
[WhiteElo "2497"]
[BlackElo "2363"]
[PlyCount "81"]
[EventDate "2022.05.28"]
[EventType "tourn"]
[EventRounds "9"]
[EventCountry "BIH"]
[EventCategory "6"]
[SourceTitle "CBM 208 Extra"]
[Source "ChessBase"]
[SourceDate "2022.07.31"]
[SourceVersion "1"]
[SourceVersionDate "2022.07.31"]
[SourceQuality "1"]

1. e4 e5 2. Nf3 Nc6 3. Bc4 Nf6 4. d4 exd4 5. e5 d5 6. Bb5 Ne4 7. Nxd4 Bd7 8. Bxc6 bxc6 9. 0-0 Bc5 10. f3 Ng5 11. f4 Ne4 12. Be3 0-0 13. Nd2 Nxd2 14. Qxd2 Bb6 15. Nb3 f6 16. Bc5 fxe5 17. fxe5 Qh4 18. Kh1 Rxf1+ 19. Rxf1 h6 20. Re1 Re8 21. Bxb6 axb6 22. Nd4 Qg4 23. h3 Qg6 24. b4 c5 25. bxc5 bxc5 26. Nb3 c4 27. Nc5 Bc6 28. c3 d4 29. cxd4 Rd8 30. Re2 Qg3 31. Kg1 Rb8 32. Qc1 Bd5 33. e6 c3 34. e7 Re8 35. Qc2 Qg5 36. Qxc3 Rxe7 37. Rf2 Re3 38. Qc1 Qe7 39. Kh2 Qd6+ 40. Kg1 Qe7 41. Kh2 1/2-1/2

[Event "Bihac"]
[Site "Bihac"]
[Date "2022.05.29"]
[Round "3"]
[White "Sukovic, Andrej"]
[Black "Rogulj, Branko"]
[Result "1/2-1/2"]
[WhiteElo "2356"]
[BlackElo "2363"]
[PlyCount "69"]
[EventDate "2022.05.28"]
[EventType "tourn"]
[EventRounds "9"]
[EventCountry "BIH"]
[EventCategory "6"]
[SourceTitle "CBM 208 Extra"]
[Source "ChessBase"]
[SourceDate "2022.07.31"]
[SourceVersion "1"]
[SourceVersionDate "2022.07.31"]
[SourceQuality "1"]

1. e4 Nf6 2. e5 Nd5 3. d4 d6 4. c4 Nb6 5. f4 Bf5 6. Nc3 e6 7. Be3 Be7 8. Nf3 0-0 9. Be2 d5 10. c5 Nc4 11. Bxc4 dxc4 12. d5 exd5 13. Qxd5 Qxd5 14. Nxd5 Bd8 15. Nd4 Be4 16. Nc3 Bd3 17. 0-0-0 c6 18. g4 Na6 19. Nf5 b6 20. b3 b5 21. Rxd3 cxd3 22. Rd1 f6 23. Rxd3 fxe5 24. fxe5 Nc7 25. Rd6 b4 26. Ne4 Re8 27. Rd7 Ne6 28. Bh6 gxh6 29. Nxh6+ Kh8 30. Nf7+ Kg8 31. Nxd8 Raxd8 32. Nf6+ Kf8 33. Nxh7+ Kg8 34. Nf6+ Kf8 35. Nh7+ 1/2-1/2

[Event "CRO-chT1A 29th"]
[Site "Mali Losinj"]
[Date "2021.10.01"]
[Round "7.5"]
[White "Kovacevic, Blazimir"]
[Black "Rogulj, Branko"]
[Result "1/2-1/2"]
[WhiteElo "2396"]
[BlackElo "2369"]
[PlyCount "81"]
[EventDate "2021.09.25"]
[EventType "team-tourn"]
[EventRounds "9"]
[EventCountry "CRO"]
[SourceTitle "CBM 204 Extra"]
[Source "ChessBase"]
[SourceDate "2021.11.30"]
[SourceVersion "1"]
[SourceVersionDate "2021.11.30"]
[SourceQuality "1"]
[WhiteTeam "Kastel Novi"]
[BlackTeam "Zagreb Hask Mladost"]
[WhiteTeamCountry "CRO"]
[BlackTeamCountry "CRO"]

1. Nf3 Nf6 2. c4 c5 3. Nc3 d5 4. cxd5 Nxd5 5. d4 g6 6. Na4 cxd4 7. Qxd4 f6 8. e4 Nc7 9. Qxd8+ Kxd8 10. Be3 Nc6 11. 0-0-0+ Ke8 12. Nc3 Be6 13. Nd4 Nxd4 14. Rxd4 Kf7 15. Bc4 Bg7 16. Bxe6+ Kxe6 17. Rc4 Rhc8 18. Kb1 a6 19. Rc1 Ne8 20. Rb4 b5 21. a4 bxa4 22. Nxa4 Rxc1+ 23. Bxc1 a5 24. Rb6+ Kf7 25. Bf4 g5 26. Bb8 Bf8 27. Kc2 e6 28. Kb3 Bb4 29. Kc4 Kg6 30. Kb5 Be1 31. f3 Bf2 32. Rb7 h5 33. Nc5 Bxc5 34. Kxc5 a4 35. Kb4 h4 36. e5 fxe5 37. Bxe5 Nf6 38. Bxf6 Kxf6 39. g3 Rd8 40. Kc3 Ra8 41. Kb4 1/2-1/2

[Event "CRO-chT1A 29th"]
[Site "Mali Losinj"]
[Date "2021.09.27"]
[Round "3.4"]
[White "Rogulj, Branko"]
[Black "Petrov, Jole"]
[Result "1-0"]
[WhiteElo "2369"]
[BlackElo "2403"]
[PlyCount "93"]
[EventDate "2021.09.25"]
[EventType "team-tourn"]
[EventRounds "9"]
[EventCountry "CRO"]
[SourceTitle "CBM 204 Extra"]
[Source "ChessBase"]
[SourceDate "2021.11.30"]
[SourceVersion "1"]
[SourceVersionDate "2021.11.30"]
[SourceQuality "1"]
[WhiteTeam "Zagreb Hask Mladost"]
[BlackTeam "Rijeka Rijeka"]
[WhiteTeamCountry "CRO"]
[BlackTeamCountry "CRO"]

1. e4 c6 2. d4 d5 3. e5 c5 4. dxc5 e6 5. a3 Bxc5 6. b4 Bb6 7. Nf3 Ne7 8. Bd3 Nbc6 9. 0-0 Ng6 10. Bb2 0-0 11. Re1 f6 12. exf6 gxf6 13. c4 dxc4 14. Bxc4 Qxd1 15. Rxd1 Kg7 16. Nc3 a6 17. h3 Rd8 18. Rxd8 Bxd8 19. Ne4 e5 20. Rd1 Be7 21. Nd6 Bxd6 22. Rxd6 Nge7 23. g4 h6 24. Kh2 b5 25. Bb3 Ra7 26. Nd2 a5 27. Ne4 axb4 28. axb4 Nxb4 29. Nxf6 Ra6 30. Nh5+ Kh7 31. Bxe5 Ng6 32. Rxa6 Bxa6 33. Bd6 Nd3 34. f4 b4 35. Bc2 Ne1 36. Bxg6+ Kxg6 37. Bxb4 Nf3+ 38. Kg3 Nd4 39. Kf2 Bb7 40. Bc3 Nf3 41. f5+ Kf7 42. Bg7 Ng5 43. Kg3 Ne4+ 44. Kh4 Nd6 45. Bxh6 Be4 46. Ng3 Bg2 47. Bf4 1-0

[Event "CRO-chT1A 29th"]
[Site "Mali Losinj"]
[Date "2021.09.25"]
[Round "1.3"]
[White "Rogulj, Branko"]
[Black "Kurajica, Bojan"]
[Result "0-1"]
[WhiteElo "2369"]
[BlackElo "2512"]
[PlyCount "42"]
[EventDate "2021.09.25"]
[EventType "team-tourn"]
[EventRounds "9"]
[EventCountry "CRO"]
[SourceTitle "CBM 204 Extra"]
[Source "ChessBase"]
[SourceDate "2021.11.30"]
[SourceVersion "1"]
[SourceVersionDate "2021.11.30"]
[SourceQuality "1"]
[WhiteTeam "Zagreb Hask Mladost"]
[BlackTeam "Solin Cemex"]
[WhiteTeamCountry "CRO"]
[BlackTeamCountry "CRO"]

1. e4 c5 2. Nc3 e6 3. g3 d5 4. exd5 exd5 5. Bg2 Nf6 6. d3 d4 7. Ne4 Nxe4 8. Bxe4 Bd6 9. Ne2 Nd7 10. 0-0 0-0 11. c3 dxc3 12. Nxc3 Nf6 13. Bg2 Be5 14. Re1 Re8 15. Be3 Bg4 16. Qd2 Qc7 17. Rac1 Rac8 18. Ne4 Nxe4 19. Bxe4 Qb6 20. Rxc5 Rxc5 21. b4 Bc3 0-1

[Event "BIH-chT 19th"]
[Site "Neum"]
[Date "2021.09.23"]
[Round "8.2"]
[White "Benkovic, Petar"]
[Black "Rogulj, Branko"]
[Result "1-0"]
[WhiteElo "2388"]
[BlackElo "2369"]
[PlyCount "89"]
[EventDate "2021.09.17"]
[EventType "team-tourn"]
[EventRounds "9"]
[EventCountry "BIH"]
[SourceTitle "EXT 2023"]
[Source "ChessBase"]
[SourceDate "2022.10.05"]
[SourceVersion "1"]
[SourceVersionDate "2022.10.05"]
[SourceQuality "1"]
[WhiteTeam "Busovaca Hrasno"]
[BlackTeam "Siroki Brijeg"]
[WhiteTeamCountry "BIH"]
[BlackTeamCountry "BIH"]

1. Nf3 Nf6 2. c4 c5 3. Nc3 g6 4. d4 Bg7 5. e4 cxd4 6. Nxd4 d6 7. Be2 0-0 8. 0-0 Nc6 9. Be3 Nxd4 10. Bxd4 Be6 11. Qd2 Qa5 12. Rad1 Rfc8 13. b3 Nd7 14. Nd5 Qd8 15. Bxg7 Kxg7 16. Nf4 Nf6 17. Qc3 Rc5 18. b4 Re5 19. f3 a5 20. a3 axb4 21. axb4 Qc7 22. Qd4 Ra2 23. Ra1 Rxe2 24. Nxe2 Qxc4 25. Rfe1 Ra5 26. Rab1 g5 27. Qxc4 Bxc4 28. Nd4 Re5 29. Rec1 d5 30. exd5 Bxd5 31. Rc7 Kg6 32. Kf2 g4 33. b5 e6 34. Rc8 Rh5 35. Ne2 gxf3 36. Nf4+ Kf5 37. Nxh5 Nxh5 38. gxf3 Nf4 39. b6 Nd3+ 40. Ke3 Ne5 41. Rb5 Kf6 42. Rc7 Nc4+ 43. Kd4 Nd6 44. Rxd5 exd5 45. Kxd5 1-0

[Event "BIH-chT 19th"]
[Site "Neum"]
[Date "2021.09.21"]
[Round "6.2"]
[White "Djukic, Nikola"]
[Black "Rogulj, Branko"]
[Result "1-0"]
[WhiteElo "2502"]
[BlackElo "2369"]
[PlyCount "81"]
[EventDate "2021.09.17"]
[EventType "team-tourn"]
[EventRounds "9"]
[EventCountry "BIH"]
[SourceTitle "EXT 2023"]
[Source "ChessBase"]
[SourceDate "2022.10.05"]
[SourceVersion "1"]
[SourceVersionDate "2022.10.05"]
[SourceQuality "1"]
[WhiteTeam "Tuzla Sloboda"]
[BlackTeam "Siroki Brijeg"]
[WhiteTeamCountry "BIH"]
[BlackTeamCountry "BIH"]

1. e4 e5 2. Nf3 Nc6 3. Bb5 Nf6 4. d3 Bc5 5. c3 d5 6. exd5 Qxd5 7. Bc4 Qd8 8. Nbd2 a6 9. Qe2 0-0 10. 0-0 Bd6 11. a4 Qe7 12. b4 Be6 13. Ng5 Bxc4 14. Nxc4 h6 15. Ne4 Nxe4 16. dxe4 Qe6 17. Be3 Ne7 18. Rfd1 Rfd8 19. Rd2 Ng6 20. Na5 b6 21. Nb7 Rdc8 22. Nxd6 cxd6 23. Qd1 Rxc3 24. Rxd6 Qc4 25. Qd5 Rb8 26. g3 Nf8 27. Qxe5 Rc8 28. Bd4 f6 29. Qd5+ Qxd5 30. exd5 R3c4 31. Bxb6 Rxb4 32. a5 Kf7 33. Be3 Ra8 34. Rb6 Rc4 35. Rb7+ Kg6 36. Bb6 Rc2 37. Re1 Rd2 38. Ree7 Kf5 39. Rxg7 Rxd5 40. Rg8 Ke6 41. Be3 1-0

[Event "BIH-chT 19th"]
[Site "Neum"]
[Date "2021.09.19"]
[Round "3.2"]
[White "Stojanovic, Dalibor"]
[Black "Rogulj, Branko"]
[Result "1-0"]
[WhiteElo "2483"]
[BlackElo "2369"]
[PlyCount "115"]
[EventDate "2021.09.17"]
[EventType "team-tourn"]
[EventRounds "9"]
[EventCountry "BIH"]
[SourceTitle "EXT 2023"]
[Source "ChessBase"]
[SourceDate "2022.10.05"]
[SourceVersion "1"]
[SourceVersionDate "2022.10.05"]
[SourceQuality "1"]
[WhiteTeam "Brcko Jedinstvo"]
[BlackTeam "Siroki Brijeg"]
[WhiteTeamCountry "BIH"]
[BlackTeamCountry "BIH"]

1. e4 e5 2. Nf3 Nc6 3. Bb5 Nf6 4. d4 exd4 5. 0-0 d6 6. Nxd4 Bd7 7. Nc3 Be7 8. Bxc6 bxc6 9. Qf3 c5 10. Nf5 Bxf5 11. Qxf5 0-0 12. b3 Re8 13. Bd2 Qc8 14. Qf3 Bf8 15. Rae1 Qb7 16. Qd3 Nd7 17. Nd5 Nb6 18. c4 Nxd5 19. cxd5 g6 20. Bc3 Bg7 21. Bxg7 Kxg7 22. Qc3+ Kg8 23. Re3 c6 24. dxc6 Qxc6 25. Rfe1 Re6 26. h4 h5 27. f3 Qb7 28. Rd1 Qe7 29. Qe1 Rb8 30. Qg3 Rb6 31. Red3 Kh7 32. Qg5 Qxg5 33. hxg5 Kg7 34. Kf2 f6 35. gxf6+ Kxf6 36. Rc1 Ra6 37. Rd2 h4 38. Rh1 g5 39. g3 hxg3+ 40. Kxg3 Kf7 41. Rh5 Rg6 42. Kg4 Kf6 43. Rh8 Ke6 44. Re8+ Kf7 45. Rh8 Rf6 46. Rh5 Rf4+ 47. Kg3 Kg6 48. Rxg5+ Kxg5 49. Rd5+ Kf6 50. Kxf4 Kg6 51. Rd2 Rb6 52. Rh2 Kf6 53. Rh6+ Kf7 54. Kf5 Ra6 55. e5 Rxa2 56. Rxd6 Kg7 57. f4 Ra3 58. Rc6 1-0

[Event "BIH-chT 19th"]
[Site "Neum"]
[Date "2021.09.17"]
[Round "1.2"]
[White "Blagojevic, Dragisa"]
[Black "Rogulj, Branko"]
[Result "1-0"]
[WhiteElo "2461"]
[BlackElo "2369"]
[PlyCount "90"]
[EventDate "2021.09.17"]
[EventType "team-tourn"]
[EventRounds "9"]
[EventCountry "BIH"]
[SourceTitle "EXT 2023"]
[Source "ChessBase"]
[SourceDate "2022.10.05"]
[SourceVersion "1"]
[SourceVersionDate "2022.10.05"]
[SourceQuality "1"]
[WhiteTeam "Gorazde"]
[BlackTeam "Siroki Brijeg"]
[WhiteTeamCountry "BIH"]
[BlackTeamCountry "BIH"]

1. d4 Nf6 2. Nf3 c5 3. d5 b5 4. c4 b4 5. Nbd2 g6 6. b3 Bg7 7. Bb2 0-0 8. g3 e6 9. dxe6 fxe6 10. Bg2 Bb7 11. Qc2 Qe7 12. 0-0 d6 13. Rad1 Nbd7 14. Ne1 Bxg2 15. Nxg2 Rad8 16. Nf4 Nb6 17. Ne4 Ne8 18. Bxg7 Nxg7 19. Nd3 e5 20. e3 Ne6 21. Qe2 Ng5 22. Nxg5 Qxg5 23. f4 exf4 24. exf4 Qf6 25. Rfe1 Qf7 26. Nf2 Rfe8 27. Rxd6 Rxd6 28. Qxe8+ Qxe8 29. Rxe8+ Kf7 30. Re2 Nd7 31. Kg2 Nf6 32. Kf3 a5 33. a4 bxa3 34. Ra2 h5 35. Rxa3 Rd2 36. Rxa5 Rb2 37. Rb5 Ke7 38. h3 Rc2 39. Ne4 Nxe4 40. Kxe4 Rc3 41. Rxc5 Rxg3 42. b4 Rxh3 43. b5 Rb3 44. Rc7+ Ke6 45. Rc6+ Kf7 1-0

[Event "Bosnjaci op 25th"]
[Site "Bosnjaci"]
[Date "2020.01.09"]
[Round "9"]
[White "Rogulj, Branko"]
[Black "Bobanac, Miro"]
[Result "1/2-1/2"]
[WhiteElo "2386"]
[BlackElo "2218"]
[PlyCount "138"]
[EventDate "2020.01.03"]
[EventType "swiss"]
[EventRounds "9"]
[EventCountry "CRO"]
[SourceTitle "CBM 194 Extra"]
[Source "ChessBase"]
[SourceDate "2020.03.31"]
[SourceVersion "1"]
[SourceVersionDate "2020.03.31"]
[SourceQuality "1"]

1. e4 Nf6 2. e5 Nd5 3. d4 c6 4. c4 Nc7 5. Nc3 d5 6. Qb3 b6 7. Nf3 e6 8. h4 Bb7 9. Bg5 Qc8 10. h5 h6 11. Bh4 Nba6 12. a3 dxc4 13. Bxc4 Nd5 14. Ne4 Nac7 15. Nd6+ Bxd6 16. exd6 Nb5 17. Bg3 Qd8 18. Bxb5 cxb5 19. Qxb5+ Qd7 20. Qxd7+ Kxd7 21. Ne5+ Ke8 22. Rc1 f6 23. Ng6 Rg8 24. Nf4 Nxf4 25. Bxf4 Rd8 26. f3 Rd7 27. Kf2 Kf7 28. Rc7 Rgd8 29. Rhc1 Ke8 30. a4 a5 31. Ke3 Bd5 32. R1c3 Kf7 33. Kd3 Ke8 34. b3 Rxc7 35. Rxc7 Rd7 36. Rc3 Rb7 37. Rc8+ Kd7 38. Rc3 Kd8 39. Kc2 Rb8 40. Rc7 Rb7 41. Kc3 Rxc7+ 42. dxc7+ Kc8 43. Bd6 Bc6 44. Bf8 Be8 45. Bxg7 Bxh5 46. Bxf6 Kxc7 47. Bg7 Kc6 48. Bxh6 Bg6 49. Bg5 Kd7 50. g4 Bh7 51. Bf6 Bg6 52. d5 exd5 53. Bd4 Kc6 54. f4 Be4 55. f5 b5 56. Kd2 bxa4 57. bxa4 Bf3 58. f6 Kd6 59. g5 Bh5 60. Bc3 Ke6 61. Bxa5 Be8 62. Bc3 Bxa4 63. g6 Be8 64. g7 Kf7 65. Ke3 Kg8 66. Kf4 Bf7 67. Bd4 Bh5 68. Ke5 Bf7 69. Kd6 Bh5 1/2-1/2

[Event "Bosnjaci op 25th"]
[Site "Bosnjaci"]
[Date "2020.01.06"]
[Round "6"]
[White "Runic, Zoran"]
[Black "Rogulj, Branko"]
[Result "1-0"]
[WhiteElo "2326"]
[BlackElo "2386"]
[PlyCount "101"]
[EventDate "2020.01.03"]
[EventType "swiss"]
[EventRounds "9"]
[EventCountry "CRO"]
[SourceTitle "CBM 194 Extra"]
[Source "ChessBase"]
[SourceDate "2020.03.31"]
[SourceVersion "1"]
[SourceVersionDate "2020.03.31"]
[SourceQuality "1"]

1. e4 Nc6 2. Nc3 e5 3. Bc4 Nf6 4. d3 Bc5 5. f4 exf4 6. Bxf4 d6 7. Nf3 0-0 8. Bg5 Be6 9. Bb3 h6 10. Bh4 Re8 11. Qd2 Bxb3 12. axb3 d5 13. Bxf6 Qxf6 14. Nxd5 Qxb2 15. Ke2 Rad8 16. Rhb1 Nd4+ 17. Kd1 Nxf3 18. gxf3 Qe5 19. c3 c6 20. Nf4 f5 21. Kc2 fxe4 22. fxe4 b5 23. Rf1 Bb6 24. b4 Qd6 25. Nh5 Rd7 26. d4 Qe6 27. Kb2 Red8 28. Qg2 Kh8 29. Nf4 Qe8 30. Ng6+ Kh7 31. Nf8+ Kg8 32. Nxd7 Rxd7 33. e5 Rd5 34. Rf6 Rxd4 35. Raf1 Rd5 36. Rf8+ Qxf8 37. Rxf8+ Kxf8 38. e6 Ke7 39. Qxg7+ Kxe6 40. Qxh6+ Kd7 41. h4 Bd8 42. Qg7+ Ke6 43. h5 Bf6 44. Qg8+ Ke7 45. h6 a5 46. bxa5 b4 47. a6 bxc3+ 48. Kb3 Rb5+ 49. Kc2 Rb2+ 50. Kc1 Rh2 51. a7 1-0

[Event "Donau op 28th"]
[Site "Aschach"]
[Date "2019.12.29"]
[Round "5"]
[White "Rogulj, Branko"]
[Black "Sumets, Andrey"]
[Result "1/2-1/2"]
[WhiteElo "2400"]
[BlackElo "2580"]
[PlyCount "62"]
[EventDate "2019.12.26"]
[EventType "swiss"]
[EventRounds "7"]
[EventCountry "AUT"]
[SourceTitle "CBM 194 Extra"]
[Source "ChessBase"]
[SourceDate "2020.03.31"]
[SourceVersion "1"]
[SourceVersionDate "2020.03.31"]
[SourceQuality "1"]

1. e4 e6 2. d4 d5 3. Nc3 Nf6 4. e5 Nfd7 5. f4 c5 6. Nf3 Nc6 7. Be3 Be7 8. dxc5 0-0 9. a3 Bxc5 10. Bxc5 Nxc5 11. b4 Nd7 12. Bd3 f6 13. 0-0 h6 14. Re1 fxe5 15. fxe5 a5 16. b5 Ne7 17. Na4 Nb6 18. Nxb6 Qxb6+ 19. Kh1 Bd7 20. Qd2 Be8 21. Qe3 Qxe3 22. Rxe3 Rf4 23. c3 Rc8 24. Nd4 Bd7 25. Kg1 b6 26. a4 Rcf8 27. g3 Rf2 28. Rf1 Rxf1+ 29. Bxf1 Nf5 30. Nxf5 Rxf5 31. c4 dxc4 1/2-1/2

[Event "Donau op 28th"]
[Site "Aschach"]
[Date "2019.12.28"]
[Round "4"]
[White "Rogulj, Branko"]
[Black "Hiermann, Dietmar"]
[Result "1-0"]
[WhiteElo "2400"]
[BlackElo "2235"]
[PlyCount "121"]
[EventDate "2019.12.26"]
[EventType "swiss"]
[EventRounds "7"]
[EventCountry "AUT"]
[SourceTitle "CBM 194 Extra"]
[Source "ChessBase"]
[SourceDate "2020.03.31"]
[SourceVersion "1"]
[SourceVersionDate "2020.03.31"]
[SourceQuality "1"]

1. e4 e5 2. Nf3 Nc6 3. Bb5 a6 4. Ba4 Nf6 5. 0-0 Be7 6. Re1 b5 7. Bb3 d6 8. a4 b4 9. a5 0-0 10. d3 Bg4 11. Be3 Na7 12. h3 Bd7 13. Nbd2 c5 14. Nc4 Bb5 15. Nfd2 Qc7 16. f4 Rad8 17. Qf3 Nc6 18. fxe5 dxe5 19. Qg3 Nh5 20. Qg4 Nf6 21. Qf5 Nd7 22. Rf1 Nd4 23. Bxd4 cxd4 24. Nb6 g6 25. Nd5 Qd6 26. Qg4 Nf6 27. Nxf6+ Bxf6 28. Rf2 Bg7 29. Raf1 Be8 30. Qh4 Rd7 31. Nc4 Qc7 32. Nb6 Rd6 33. Bc4 Kh8 34. Ra1 f5 35. Nd5 Qb7 36. Raf1 f4 37. g3 g5 38. Qg4 Bd7 39. Qxg5 Rg6 40. Qh4 Rxg3+ 41. Rg2 Rxg2+ 42. Kxg2 Be6 43. Nxf4 exf4 44. Bxe6 Qc7 45. Bc4 Rf6 46. Qh5 Rg6+ 47. Kh1 Be5 48. Bf7 Rf6 49. Bd5 Kg7 50. Qe8 f3 51. Bc4 Bh2 52. Qg8+ Kh6 53. h4 Qf4 54. Qg5+ Qxg5 55. hxg5+ Kxg5 56. Kxh2 Kf4 57. Bd5 Rh6+ 58. Kg1 Rg6+ 59. Kf2 Rg2+ 60. Ke1 Ke3 61. Rxf3+ 1-0

[Event "CRO-chT1A 28th"]
[Site "Mali Losinj"]
[Date "2019.10.04"]
[Round "7.44"]
[White "Rogulj, Branko"]
[Black "Kozul, Zdenko"]
[Result "0-1"]
[WhiteElo "2400"]
[BlackElo "2569"]
[PlyCount "88"]
[EventDate "2019.09.28"]
[EventType "team-tourn"]
[EventRounds "9"]
[EventCountry "CRO"]
[SourceTitle "EXT 2020"]
[Source "ChessBase"]
[SourceDate "2019.10.17"]
[SourceVersion "1"]
[SourceVersionDate "2019.10.17"]
[SourceQuality "1"]
[WhiteTeam "Zagreb Hask Mladost"]
[BlackTeam "Zagreb Zagreb"]
[WhiteTeamCountry "CRO"]
[BlackTeamCountry "CRO"]

1. e4 c5 2. Nc3 e6 3. Nge2 Nc6 4. g3 Nf6 5. Bg2 Be7 6. 0-0 0-0 7. h3 h6 8. Kh2 d5 9. exd5 Nxd5 10. Nxd5 exd5 11. d4 cxd4 12. Nxd4 Nxd4 13. Qxd4 Be6 14. c3 Bf6 15. Qb4 a5 16. Qb5 a4 17. a3 d4 18. Bf4 dxc3 19. bxc3 Bxc3 20. Rac1 Qf6 21. Bxb7 Ra5 22. Qd3 Bb2 23. Rb1 Rd8 24. Qe2 Be5 25. Rb4 Bb3 26. Bxe5 Rxe5 27. Qf3 Rf5 28. Qe2 Rc5 29. Rf4 Qd6 30. Qa6 Qxa6 31. Bxa6 Rd2 32. Ra1 g5 33. Rf3 Bd5 34. Rf5 Rcc2 35. Kg1 Be6 36. Rf3 Bxh3 37. Bd3 Rc5 38. Re3 Be6 39. Be4 Kg7 40. Kf1 Rb2 41. Rd1 Bb3 42. Ra1 Re5 43. g4 Be6 44. f3 h5 0-1

[Event "CRO-chT1A 28th"]
[Site "Mali Losinj"]
[Date "2019.10.03"]
[Round "6.35"]
[White "Rogulj, Branko"]
[Black "Bobanac, Miro"]
[Result "1-0"]
[WhiteElo "2400"]
[BlackElo "2257"]
[PlyCount "61"]
[EventDate "2019.09.28"]
[EventType "team-tourn"]
[EventRounds "9"]
[EventCountry "CRO"]
[SourceTitle "EXT 2020"]
[Source "ChessBase"]
[SourceDate "2019.10.17"]
[SourceVersion "1"]
[SourceVersionDate "2019.10.17"]
[SourceQuality "1"]
[WhiteTeam "Zagreb Hask Mladost"]
[BlackTeam "Split Mornar"]
[WhiteTeamCountry "CRO"]
[BlackTeamCountry "CRO"]

1. e4 c5 2. Nc3 a6 3. g3 b5 4. Bg2 Bb7 5. Nge2 e6 6. 0-0 Nc6 7. d4 cxd4 8. Nxd4 Nf6 9. e5 Ng8 10. Nxc6 Bxc6 11. Bxc6 dxc6 12. Qf3 Qc7 13. Ne4 Rd8 14. Bf4 h6 15. h4 Be7 16. h5 Rd5 17. c4 bxc4 18. Rac1 Rxe5 19. Qc3 Bf6 20. Nxf6+ gxf6 21. Rce1 Rh7 22. Qxc4 Ne7 23. Bxe5 fxe5 24. Qxa6 f6 25. Rc1 Rg7 26. Rc3 Rg5 27. Rd1 e4 28. Qa8+ Kf7 29. Rd8 Ra5 30. Rf8+ Kg7 31. Qe8 1-0